Od dôchodkovej reformy obyvatelia očakávajú máločo dobré

Slabá informovanosť obyvateľov Slovenska o dôchodkovej reforme. Tí, ktorí sa cítia málo informovaní, nevnímajú reformu pozitívne. Najdôveryhodnejšia zostáva Sociálna poisťovňa a za ňou nasledujú životné poisťovne a banky. Podľa celkového postoja k reforme je možné vyselektovať tri typy: optimista, o...

Descripción completa

Guardado en:
Detalles Bibliográficos
Autor principal: Stovíčková, Jana
Formato: Capítulo de libro
Lenguaje:eslovaco
Materias:
Etiquetas: Agregar Etiqueta
Sin Etiquetas, Sea el primero en etiquetar este registro!

MARC

LEADER 00000naa a2200000 4500
001 r049207
005 20230921115130.3
041 0 |a slo 
044 |a SK 
245 1 0 |a Od dôchodkovej reformy obyvatelia očakávajú máločo dobré  |c Jana Stovíčková 
520 |a Slabá informovanosť obyvateľov Slovenska o dôchodkovej reforme. Tí, ktorí sa cítia málo informovaní, nevnímajú reformu pozitívne. Najdôveryhodnejšia zostáva Sociálna poisťovňa a za ňou nasledujú životné poisťovne a banky. Podľa celkového postoja k reforme je možné vyselektovať tri typy: optimista, opatrný a pesimista - charakteristika. 
610 2 0 |a dôchodky starobné 
610 2 0 |a pripoistenie 
610 2 0 |a informácie 
610 2 0 |a poisťovne 
610 2 0 |a banky 
610 2 0 |a Slovensko 
610 2 0 |a Sociálna poisťovňa, a.s. Bratislava 
610 2 0 |a reformy dôchodkové 
100 1 |a Stovíčková, Jana